Southville International School and Colleges
Your cart is empty.
  • Cart
  • Lists
    Public lists Eva Luna New books Lux_list list_1
    Your lists Log in to create your own lists
  • Log in to your account
  • Your cookies
  • Search history
Southville International School and Colleges
  • Advanced search
  • Recent comments
  • Most popular
  • Libraries

Log in to your account

Log in with GOOGLE


If you do not have an external account, but do have a local account, you can still log in:

  1. Home
  2. MARC view: Belwin Intermediate Band Method /
Normal view MARC view ISBD view

Belwin Intermediate Band Method / (Record no. 6928)

[ view plain ]
MARC details
000 -LEADER
fixed length control field 00921nam a22002297a 4500
003 - CONTROL NUMBER IDENTIFIER
control field OSt
005 - DATE AND TIME OF LATEST TRANSACTION
control field 20140310181919.0
008 - FIXED-LENGTH DATA ELEMENTS--GENERAL INFORMATION
fixed length control field 130718t xxu||||| |||| 00| 0 eng d
050 ## - LIBRARY OF CONGRESS CALL NUMBER
Classification number MT 733
Item number .W733 1947
082 ## - DEWEY DECIMAL CLASSIFICATION NUMBER
Classification number TR 784.193
Item number W38 1947
100 ## - MAIN ENTRY--PERSONAL NAME
Personal name Weber, Fred
9 (RLIN) 1473
245 ## - TITLE STATEMENT
Title Belwin Intermediate Band Method /
Statement of responsibility, etc Fred Weber.
260 ## - PUBLICATION, DISTRIBUTION, ETC. (IMPRINT)
Place of publication, distribution, etc New York :
Name of publisher, distributor, etc Belwin Inc,
Date of publication, distribution, etc c1947.
300 ## - PHYSICAL DESCRIPTION
Extent 31 p. :
Dimensions 31 cm.
500 ## - GENERAL NOTE
General note Published for: Conductor, C Flute, D Piccolo, B Clarinet, E Alto Clarinet, B Bass Clarinet, Oboe, Bassoon, E Alto Saxophone, B Tenor Saxophone, E Baritone Saxophone, B Cornet, Horn in F, E Mellophone, Trombone (Bass Clef), Baritone (Treble Clef), Baritone (Bass Clef), Bass (Tuba) and Drums, etc.
521 ## - TARGET AUDIENCE NOTE
Target audience note
541 ## - IMMEDIATE SOURCE OF ACQUISITION NOTE
-- 1
562 ## - COPY AND VERSION IDENTIFICATION NOTE
Number of copies 1
650 ## - SUBJECT ADDED ENTRY--TOPICAL TERM
Topical term or geographic name as entry element Bands
General subdivision Study and teaching.
9 (RLIN) 1474
650 ## - SUBJECT ADDED ENTRY--TOPICAL TERM
Topical term or geographic name as entry element Music
General subdivision Study and teaching.
9 (RLIN) 1475
942 ## - ADDED ENTRY ELEMENTS (KOHA)
Source of classification or shelving scheme Library of Congress Classification
Koha item type
Call number prefix
Holdings
Withdrawn status Lost status Source of classification or shelving scheme Damaged status Home library Current library Shelving location Date acquired Total Checkouts Full call number Barcode Date last seen Copy number Price effective from Koha item type
    Library of Congress Classification   Luxembourg Library Luxembourg Library Teachers Reference Section 07/18/2013   MT 733 .W373 1947 13226 08/13/2013 1 07/18/2013 Books

Belwin Intermediate Band Method /

APA

Weber F., . (1947). Belwin Intermediate Band Method. New York: Belwin Inc.

Chicago

Weber Fred, . 1947. Belwin Intermediate Band Method. New York: Belwin Inc.

Harvard

Weber F., . (1947). Belwin Intermediate Band Method. New York: Belwin Inc.

MLA

Weber Fred, . Belwin Intermediate Band Method. New York: Belwin Inc. 1947.

  • Place hold
  • Print
  • Cite
  • Add to your cart (remove)
  • Save record
    BIBTEX Dublin Core MARCXML MARC (non-Unicode/MARC-8) MARC (Unicode/UTF-8) MARC (Unicode/UTF-8, Standard) MODS (XML) RIS
  • More searches
    Search for this title in:
    Other Libraries (WorldCat) Other Databases (Google Scholar) Online Stores (Bookfinder.com) Open Library (openlibrary.org)

Exporting to Dublin Core...

SOUTHVILLE LIBRARY

Southville International School and Colleges Library

1281 Tropical Ave. Cor. Luxembourg St., BF Homes International, Las Pinas City

Tel. No. 8256374 / 252358 Loc. 117/146

Powered by Koha